| 000 | 00719cab a2200217 4500 | ||
|---|---|---|---|
| 001 | X1947 | ||
| 008 | 090401t1994 xxu||||| |||| 00| 0 eng d | ||
| 035 | _a(Sirsi) u20521 | ||
| 041 | _aeng | ||
| 245 | _aHandoll v Warner Goodman | ||
| 260 | _c1994 | ||
| 350 | _a0 | ||
| 490 |
_aNew Property Cases _v1994 NPC 158 |
||
| 520 | _aCA 12 December 1994. In what circumstances conditions attaching to a planning permission for the erection of a building apply to a building not authorised by that permission. NB NO PHOTOCOPYING ALLOWED. | ||
| 650 | _aBUNGALOW | ||
| 650 | _aOCCUPANCY CONDITIONS | ||
| 650 | _aPLANNING PERMISSION | ||
| 690 | _aPLANNING LAW AND PRACTICE-CASE LAW | ||
| 942 | _n0 | ||
| 948 | _c04/03/1997 | ||
| 999 |
_c13748 _d13748 |
||